| 000 | 00678cam a22002051 4500 | ||
|---|---|---|---|
| 001 | rc 01003310 | ||
| 003 | DLC | ||
| 005 | 20260227111909.0 | ||
| 008 | 750530s1878 xx 000 0 eng | ||
| 010 | _arc 01003310 | ||
| 035 | _a(OCoLC)1362940 | ||
| 040 |
_aDLC _cCtU _dDLC |
||
| 042 | _apremarc | ||
| 050 | 0 | 0 |
_aF104 _b.T7 |
| 100 | 1 |
_aOrcutt, Samuel, _d1824-1893. |
|
| 245 | 0 | 0 |
_aHistory of Torrington, Connecticut, _bfrom its first settlement in 1737, with biographies and genealogies. _cBy Rev. Samuel Orcutt. |
| 260 |
_aAlbany, _bJ. Munsell, printer, _c1878. |
||
| 300 |
_avii, [1] 817 p. _cfront., illus., plates, ports. _c24 cm. |
||
| 651 | 0 |
_aTorrington (Conn.) _xHistory. |
|
| 999 |
_c52544 _d52544 |
||